| 000 | 00536crm a2200193 i 4500 | ||
|---|---|---|---|
| 005 | 20250711102948.0 | ||
| 008 | 250711b |||||||| |||| 00| 0 eng d | ||
| 040 | _erda | ||
| 092 | _bGames | ||
| 245 | _aI spy in common | ||
| 264 |
_aMilburn, NJ : _bBriarpatch, _c2005 |
||
| 300 | _aIncludes four game boards, 32 double-sided picture tiles, score pad, pencils and a sand timer. | ||
| 520 | _aAge 5+ 2-4 players | ||
| 521 | _aKids | ||
| 942 |
_2ddc _cGAMES |
||
| 999 |
_c409770 _d409770 |
||